01044nam0a22002411 4500001001100000005001700011021001900028035002600047100004100073101000800114102000700122105001800129200028900147210003800436215001600474606006500490702006100555702003000616710009100646801001800737801002200755852002500777rc\335100020260406121150.0 aRUb[69-50637] a(NLR Aleph) 007521527 a20130115d1969 |||y0rusy50 ca0 arus aRU ay ac |||||1 aБиблиографический указатель опубликованных работ сотрудников Лаборатории аэрометодов. 1947-1968fСост. П.Я. РайзерgРедактор Н.Н. ЧижоваgМ-во геологии СССР... aЛенинградcБ. и.d1969 a166 с.d20 aАэрофотосъемкаjБиблиография2psbo 1aРайзерbП.Я.gПетр Яковлевич4220 1aЧижоваbН.Н.434002aЛаборатория аэрометодовcЛенинград3RU\NLR\AUTH\8813703 0aRUbNLRgpsbo 1aRUbELAR2rusmarc aNLRjС161-500/Л-12